Statystyki dla Chivas-miałem kolegę Bartka

Kliknij tutaj aby rozwiązać quiz!

Ogólne statystyki

  • Ten quiz został rozwiązany 17 razy
  • Średni wynik to 228 z 251

Statystyki odpowiedzi

Odpowiedź% Poprawnych
bartka
100%
bo
100%
do
100%
dobrze
100%
geja
100%
go
100%
i
100%
kolegę
100%
koleżanka
100%
który
100%
ludzi
100%
ma
100%
mam
100%
miałem
100%
miasta
100%
nie
100%
pierdolony
100%
tak
100%
teraz
100%
to
100%
w
100%
z
100%
zdrajca
100%
ze
100%
że
100%
była
92%
było
92%
chcą
92%
innego
92%
jak
92%
lubi
92%
mnie
92%
na
92%
no
92%
o
92%
państwa
92%
połowa
92%
poznałem
92%
średnio
92%
takiego
92%
trapstar
92%
tylko
92%
ufam
92%
większość
92%
wielu
92%
za
92%
zaćpał
92%
Zgierza
92%
zgierza
92%
zuzi
92%
border
83%
dla
83%
gdy
83%
gdzie
83%
ich
83%
kolegów
83%
młody
83%
myślałem
83%
myśli
83%
nikt
83%
rękach
83%
się
83%
spać
83%
brud
75%
chcę
75%
cokolwiek
75%
noc
75%
noszę
75%
75%
sam
75%
scena
75%
ten
75%
trapstars
75%
chmurki
67%
dwóch
67%
jasne
67%
najlepsza
67%
niektórzy
67%
nocka
67%
papierkach
67%
pić
67%
polsce
67%
robi
67%
wszystko
67%
wygląda
67%
fajnie
58%
jednak
58%
jest
58%
kumpli
58%
paru
58%
powiedzieć
58%
pożegnałem
58%
widzenia
58%

Rozkład punktacji

Percentyl według liczby udzielonych odpowiedzi

Procent ludzi z każdym wynikiem

Twoja historia wyników

Nie rozwiązałeś tego quizu